000 00511 a2200181 4500
001 144048
040 _cLeonardo Da Vinci
041 _aPortuguês
082 _aAP930 V682h
_bV682h
100 _aVICENTINO, Cláudio
_aMOURA, José Carlos Pires de
245 _aHistória
_bcaderno de exercícios
250 _aLE
260 _bAnglo
_c2002
_aSão Paulo
300 _a178
362 _a20100324
697 _aA república populista
_aMundo pós guerra
_aRepública dos generais
_aGuerra fria
_aLE
942 _cBK
999 _c144048
_d144048